00518nam a2200169 a 450000500170000000800410001704100080005804400070006624500600007326000450013330000100017865000220018865000230021065000440023365000330027770000380031020140224114400.0140224b1997 ck ||||| |||| 00| 0 spa d aspa ack aGuía de insectos dañinos en plantaciones forestales aBogotábCONIFbMinambientebBIRFc1997 a99 p. aPlagas forestales aInsectos dañinos aGuías de identificación de insectos aControl de plagas forestales aPinzón Florián, Olga Patricia